| 000 | 00399cam a2200157ua 4500 | ||
|---|---|---|---|
| 041 |
_aeng _h |
||
| 082 |
_a028.71664 _bCAT/FO |
||
| 100 | _aCatsbery, C.M.E . | ||
| 245 |
_aFood handbook / _cC.M.E Catsbery. _hTextual Documents |
||
| 260 |
_aNew York : _bEllis Horwood , _c1989. |
||
| 300 | _a382 ; . | ||
| 504 | _a | ||
| 700 | 1 | _aKempen Van Dommelen, G.J.M . | |
| 942 | _cBK | ||
| 999 |
_c6950 _d6950 |
||